Quiz sur une carte - Italie - Statistiques

Statistiques générales
  • Ce quiz a été pris 17 399 fois
  • Le résultat moyen est 22 sur 44
Réponses sur la Carte
Les réponses sont colorées sur une échelle allant du rouge au vert en fonction du pourcentage des utilisateurs qui les ont devinées à leur premier essai. Vous pouvez retrouver ces pourcentages ci-dessous.
 
Statistiques - réponses
Answers % Correct
2,283,809 Rome
99%
1,397,715 Milan
94%
Plus grande île de la mer Méditerranée Sicile
91%
940,940 Naples
89%
Deuxième plus grande île de la mer Méditerranée Sardaigne
89%
"La Serenissima" Venise
86%
848,196 Turin
85%
Symbole de la ville de Pise Tour de Pise
84%
Vatican
78%
France
77%
Mer Méditerranée
75%
Suisse
75%
Saint-Marin
73%
Autriche
69%
Alpes
67%
Slovénie
66%
640,720 Palerme
63%
Vérone : Les deux amoureux de cette tragédie anglaise vivent dans cette ville Roméo et Juliette
63%
Vésuve
57%
Mer Adriatique
56%
Domicile de la plus ancienne université du monde occidental Bologne
55%
Etna
55%
Gênes : Ce célèbre explorateur était originaire de cette république maritime Christophe Colomb
52%
Un des plus beau lac du monde selon le Huffington Post en 2014 Lac de Côme
52%
49%
Foyer de la Renaissance italienne Toscane
48%
Mont Blanc
44%
Zone côtière signifiant littéralement 'Cinq Terres' Cinque Terre
36%
Tibre
31%
Florence : Cette sculpture d'une figure biblique par Michel-Ange est l'un des nombreux chefs d'œuvre de la ville David
30%
Ancien (et unique) port maritime de l'Empire austro-hongrois Trieste
29%
Florence : Ce 'magnifique' individu a gouverné la ville pendant son âge d'or Laurent de Medicis
27%
Florence : Ce tableau d'une déesse romaine par Botticelli est également l'un des nombreux chefs d'œuvre de la ville La Naissance de Vénus
25%
Colonie grecque antique fondé en 734 av. J.-C Syracuse
23%
Mer Ionienne
20%
Mer Tyrrhénienne
18%
Apennins
17%
Plus grand stade de la Rome antique Circus Maximus
15%
Principal musée d'art à Florence Galerie des Offices
14%
Capitale de l'Empire romain d'Occident de 402 jusqu'à sa chute Ravenne
14%
Mer Ligurienne
13%
Arpinum : Cet homme d'état romain, qui mit fin à la conjuration de Catilina, est né là-bas Cicéron
11%
216 av. J.-C. : Défaite romaine face à Carthage pendant la Deuxième Guerre punique Bataille de Cannes
7%
1944 : Série d'assauts Alliés pendant la Seconde Guerre mondiale pour capturer Rome Bataille de Monte Cassino
7%
Aucun quiz correspondant
Distribution des résultats
% des personnes avec chaque résultat
Percentile par nombre de réponses
Votre historique - résultats
Vous n’avez pas pris ce quiz